Score 0/67 Timer 10:00
0 Plays Today
% Correct
Slabtown
59.6%
Days Gone Bye
57.8%
TS-19
56.1%
No Sanctuary
55.3%
Coda
54%
The Grove
53.8%
Judge, Jury, Executioner
52%
Secrets
51.2%
What Happened and What's Going On
50.9%
Too Far Gone
50.3%
Wildfire
50%
Clear
49.7%
Chupacabra
49.1%
Tell It To The Frogs
48.8%
After
48.6%
Conquer
48.4%
What Lies Ahead
48.3%
Arrow on the Doorpost
47.4%
Vatos
46.8%
Nebraska
46.8%
Dead Weight
46.5%
Still
44.5%
A
43.9%
Better Angels
43.6%
Live Bait
43.1%
Strangers
42.9%
Seed
42.8%
Save the Last One
42.2%
18 Miles Out
41.9%
Walk With Me
41.9%
Infected
41%
Beside the Dying Fire
40.8%
Indifference
40.2%
Four Walls and a Roof
39.1%
% Correct
Isolation
39%
Prey
38.7%
Remember
37.9%
Them
37.3%
Internment
36.4%
Bloodletting
36.1%
Alone
34.7%
Triggerfinger
33.8%
Say The Word
33.5%
Inmates
32.9%
Pretty Much Dead Already
32.4%
Us
32.1%
Consumed
31.1%
The Distance
31.1%
Cherokee Rose
30.3%
Welcome to the Tombs
30.3%
This Sorrowful Life
29.8%
Self Help
28.6%
Claimed
28.3%
Crossed
28%
Guts
27.7%
Sick
26.6%
Hounded
26.3%
Try
26.1%
Killer Within
26%
30 Days Without An Accident
25.7%
The Suicide King
24.6%
I Ain't a Judas
24%
Spend
21.7%
Forget
20.5%
Home
19.4%
When the Dead Come Knocking
16.2%
Made To Suffer
15%
Remove Ads.
Support Sporcle.
Get the best of Sporcle when you Go Orange. This ad-free experience offers more features, more stats, and more fun while also helping to support Sporcle. Thank you for becoming a member.

You're not logged in!

Compare scores with friends on all Sporcle quizzes.
OR
Log In

Show Comments

Extras

Top Quizzes Today


Score Distribution

Your Account Isn't Verified!

In order to create a playlist on Sporcle, you need to verify the email address you used during registration. Go to your Sporcle Settings to finish the process.

Report this User

Report this user for behavior that violates our Community Guidelines.

Details: